The South African Criminal Law Reports (Record no. 2104)

MARC details
000 -LEADER
fixed length control field 00500nam a22001697a 4500
005 - DATE AND TIME OF INPUT
control field 20240705075440.0
008 - DATA ELEMENTS--GENERAL INFORMATION
fixed length control field 240705b |||||||| |||| 00| 0 eng d
022 ## - INTERNATIONAL STANDARD SERIAL NUMBER
International Standard Serial Number 10163107
041 ## - LANGUAGE CODE
Language code of text English/Afrikaans
082 ## - SHELF NUMBER
DDC number 349 SOU
100 ## - MAIN AUTHOR
Language of a work English/Afrikaans
245 ## - TITLE STATEMENT
Title The South African Criminal Law Reports
260 ## - PUBLICATION, DISTRIBUTION, ETC.
Place of publication, distribution, etc. Cape Town:
Name of publisher, distributor, etc. Juta and Company Ltd,
Date of publication, distribution, etc. 2005
300 ## - PHYSICAL DESCRIPTION
Other physical details xx, 110 pages;
Dimensions 23 cm.
650 ## - SUBJECT`
Broad subject Legal practice
Own subject terms Law
942 ## - ADDED ENTRY ELEMENTS (KOHA)
Item type Books
942 ## - ADDED ENTRY ELEMENTS (KOHA)
-- ALISON_BN_VRIES
Holdings
Source of classification or shelving scheme Volume number (bound volume or other part) Not for loan Collection code Home library Current library Shelving location Date acquired Full call number Barcode Price effective from Koha item type
Dewey Decimal Classification Volume 1 January   SOUTH AFRICAN CRIMINAL LAW REPORTS LAW SOCIETY OF NAMIBIA LIBRARY - WINDHOEK LAW SOCIETY OF NAMIBIA LIBRARY - WINDHOEK South African Criminal Law Report 07/05/2024 349 SOU LSN/2023/2730 07/05/2024 Books
Dewey Decimal Classification Volume 1 February   SOUTH AFRICAN CRIMINAL LAW REPORTS LAW SOCIETY OF NAMIBIA LIBRARY - WINDHOEK LAW SOCIETY OF NAMIBIA LIBRARY - WINDHOEK South African Criminal Law Report 07/05/2024 349 SOU LSN/2023/2731 07/05/2024 Books
Dewey Decimal Classification Volume 1 April   SOUTH AFRICAN CRIMINAL LAW REPORTS LAW SOCIETY OF NAMIBIA LIBRARY - WINDHOEK LAW SOCIETY OF NAMIBIA LIBRARY - WINDHOEK South African Criminal Law Report 07/05/2024 349 SOU LSN/2023/2732 07/05/2024 Books
Dewey Decimal Classification Volume 1 May   SOUTH AFRICAN CRIMINAL LAW REPORTS LAW SOCIETY OF NAMIBIA LIBRARY - WINDHOEK LAW SOCIETY OF NAMIBIA LIBRARY - WINDHOEK South African Criminal Law Report 07/05/2024 349 SOU LSN/2023/2733 07/05/2024 Books
Dewey Decimal Classification Volume 1 June   SOUTH AFRICAN CRIMINAL LAW REPORTS LAW SOCIETY OF NAMIBIA LIBRARY - WINDHOEK LAW SOCIETY OF NAMIBIA LIBRARY - WINDHOEK South African Criminal Law Report 07/05/2024 349 SOU LSN/2023/2734 07/05/2024 Books
Dewey Decimal Classification Volume 2 July   SOUTH AFRICAN CRIMINAL LAW REPORTS LAW SOCIETY OF NAMIBIA LIBRARY - WINDHOEK LAW SOCIETY OF NAMIBIA LIBRARY - WINDHOEK South African Criminal Law Report 07/05/2024 349 SOU LSN/2023/2735 07/05/2024 Books
Dewey Decimal Classification Volume 2 September   SOUTH AFRICAN CRIMINAL LAW REPORTS LAW SOCIETY OF NAMIBIA LIBRARY - WINDHOEK LAW SOCIETY OF NAMIBIA LIBRARY - WINDHOEK South African Criminal Law Report 07/05/2024 349 SOU LSN/2023/2736 07/05/2024 Books
Dewey Decimal Classification Volume 2 October   SOUTH AFRICAN CRIMINAL LAW REPORTS LAW SOCIETY OF NAMIBIA LIBRARY - WINDHOEK LAW SOCIETY OF NAMIBIA LIBRARY - WINDHOEK South African Criminal Law Report 07/05/2024 349 SOU LSN/2023/2737 07/05/2024 Books
Dewey Decimal Classification Volume 2 November   SOUTH AFRICAN CRIMINAL LAW REPORTS LAW SOCIETY OF NAMIBIA LIBRARY - WINDHOEK LAW SOCIETY OF NAMIBIA LIBRARY - WINDHOEK South African Criminal Law Report 07/05/2024 349 SOU LSN/2023/2738 07/05/2024 Books
Dewey Decimal Classification Volume 2 December   SOUTH AFRICAN CRIMINAL LAW REPORTS LAW SOCIETY OF NAMIBIA LIBRARY - WINDHOEK LAW SOCIETY OF NAMIBIA LIBRARY - WINDHOEK South African Criminal Law Report 07/05/2024 349 SOU LSN/2023/2739 07/05/2024 Books